header

Assessment in the mathematics classroom (Record no. 143411)

MARC details
000 -LEADER
fixed length control field 01434nam a2200349 a 4500
245 00 - TITLE STATEMENT
Title Assessment in the mathematics classroom
260 ## - PUBLICATION, DISTRIBUTION, ETC. (IMPRINT)
Place of publication Singapore :
Name of publisher World Scientific,
Year of publication 2011.
300 ## - PHYSICAL DESCRIPTION
Number of Pages vi, 297 p. :
Other physical details ill.
490 1# - SERIES STATEMENT
Series statement Yearbook ;
650 #0 - SUBJECT ADDED ENTRY--TOPICAL TERM
Topical Term Mathematics
Topical Term Mathematical ability
700 1# - ADDED ENTRY--PERSONAL NAME
Personal name Kaur, Berinderjeet,
Personal name Wong, Khoon Yoong.
856 40 - ELECTRONIC LOCATION AND ACCESS
Uniform Resource Identifier http://site.ebrary.com/lib/rucke/Doc?id=10524604

No items available.

© 2026 Rongo University
Contact us: librarian | system librarian | Rongo university